000 00691nam a2200253Ia 4500
003 OSt
005 20221006143735.0
006 a|||||r|||| 00| 0
007 ta
008 221006b |||||||| |||| 00| 0 eng d
020 _a0295962984
_c
_19.95
024 _a9,828
037 _cTextual
040 _aEASL
_cEASL
_beng
041 _2eng
_aeng
082 _aX8(F).41.N8, M6
100 _aBAUER E E
_9650318
245 0 _aChina takes off
_b Technology transfer and modernization
260 _aLondon
_bUniversity of Washington Press
_c1986
300 _a227p.
_ccm.
490 _v CEL
942 _hX8(F).41.N8, M6
_cTEXL
_2CC
999 _c1077914
_d1077914